Castor et Pollux (Record no. 172404)

MARC details
000 -LEADER
campo de control de longitud fija 00617nam a22001695i 4500
001 - NÚMERO DE CONTROL
campo de control 172404
003 - IDENTIFICADOR DE NÚMERO DE CONTROL
campo de control ES-MaACL
005 - FECHA Y HORA DE LA ÚLTIMA TRANSACCIÓN
campo de control 20230906214912.0
008 - DATOS DE LONGITUD FIJA--INFORMACIÓN GENERAL
campo de control de longitud fija 090701s1918 fr |||| | fre d
100 1# - ENTRADA PRINCIPAL--NOMBRE DE PERSONA
Nombre de persona Bernard, Pierre-Joseph.
9 (RLIN) 138727
245 10 - MENCIÓN DEL TÍTULO
Título Castor et Pollux
Resto del título : tragédie en cinq actes /
Mención de responsabilidad, etc. poème de P. J. Bernard ; musique de Rameau.
260 ## - PUBLICACIÓN, DISTRIBUCIÓN, ETC.
Lugar de publicación, distribución, etc. Paris :
Nombre del editor, distribuidor, etc. [s.n.],
Fecha de publicación, distribución, etc. 1918 (
Fabricante Imp. de Vaugirard)
300 ## - DESCRIPCIÓN FÍSICA
Extensión 68 p., [1] h. de lám. ;
Dimensiones 14 cm.
500 ## - NOTA GENERAL
Nota general Solo la letra.
700 1# - ENTRADA AGREGADA--NOMBRE PERSONAL
Nombre de persona Rameau, Jean-Philippe.
9 (RLIN) 138726
852 ## - LOCALIZACIÓN
Ubicación ES-MaACL
Número de control de estantería 2252-F-20
itemnumber R.140914
Nota libre .- Biblioteca Jacinto Martínez Lacalle
Holdings
Estatus retirado Estado de pérdida Estado de daño No para préstamo Colección Biblioteca de origen Biblioteca actual Ubicación en estantería Fecha de adquisición Fuente de adquisición Total de préstamos Signatura topográfica completa Código de barras Visto por última vez Precio de reemplazo Tipo de ítem Koha
        Colección de folletos Biblioteca del Ateneo de Madrid Biblioteca del Ateneo de Madrid Depósito folletos 01/07/2009     2252-F-20 1180925 23/02/2023 23/02/2023 Folleto